Statistics for Lego Harry Potter Characters - Picture Quiz

Click here to take the quiz!

General Stats

  • This quiz has been taken 70 times
  • The average score is 15 of 16

Answer Stats

Answer% Correct
Albus Dumbledore
100%
Harry Potter
100%
Lord Voldemort
100%
Ron Weasley
98%
Rubeus Hagrid
98%
Severus Snape
97%
Draco Malfoy
95%
Dobby
94%
Ginny Weasley
92%
Hermione Granger
92%
Dolores Umbridge
89%
Minerva McGonagall
89%
Nearly Headless Nick
86%
Sirius Black
81%
Professor Quirrell
73%
Fawkes
71%

Score Distribution

Percentile by Number Answered

Percent of People with Each Score

Your Score History

You have not taken this quiz